000 00434nam a2200181 a 4500
001 1756807352710
003 ACL
005 20250902153446.0
008 250902s2008##################000#0#eng##
020 _a9780300141009
082 0 4 _a779.9551483097967
_bHAS
100 1 _aLukitsh, Joanne,
_eauthor.
245 1 0 _aRiver of No Return :
260 _c2008.
650 0 _aPhotography.
942 _cENGLISH
040 _aACL
_beng
_cACL
999 _c585043
_d585043